| 000 | 01133cam a2200241 4500 | ||
|---|---|---|---|
| 001 | ABS67945 | ||
| 008 | 040622n2004 000 0 eng u | ||
| 035 | _a(Sirsi) u126549 | ||
| 100 | _aMurdoch, S. | ||
| 245 | 2 | _aA useful mechanism | |
| 260 | _c2004 | ||
| 490 |
_aEstates Gazette _v(0424) 12 June 2004, 147(1) |
||
| 520 | _a"Norfolk Capital Group Ltd v Cadogan Estates" ([2004] EWHV 384(Ch), [2004] 1 WLR 1458) illustrates how the Landlord and Tenant Act 1927 s3 can be used to override an absolute prohibition on alterations. If a tenant serves notices of intention to carry out improvements, the landlord can object on the basis that it will do the works itself. However as in the case of "Norfolk" where the tenant changed his mind, the landlord cannot insist upon carrying out the improvements. | ||
| 590 | _aABS | ||
| 590 | _aABS | ||
| 650 | _aLANDLORD AND TENANT ACT 1927 S3 | ||
| 650 | _aNORFOLK CAPITAL GROUP LTD V CADOGAN ESTATES LTD | ||
| 650 | _aALTERATIONS | ||
| 650 | _aTENANT`S IMPROVEMENTS | ||
| 650 | _aCOMMERCIAL LEASES | ||
| 690 | _aLANDLORD AND TENANT-BUSINESS TENANCIES-CASE LAW | ||
| 942 | _n0 | ||
| 999 |
_c117566 _d117566 |
||